| 000 | 01282cam a2200301 4500 | ||
|---|---|---|---|
| 001 | ##B573 | ||
| 008 | 090401t1986 xxu||||| |||| 00| 0 eng d | ||
| 035 | _a(Sirsi) u36602 | ||
| 041 | 0 | _aeng | |
| 050 | 0 | 4 | _a332.6324091 $2 18 |
| 100 | 1 | _aBatho, Paul | |
| 245 | 0 | 4 | _aThe experience of British investors in overseas commercial property |
| 260 |
_aLondon _bJones Lang Wootton _c1986 |
||
| 300 |
_avi,119p. _b8 leaves of plates : ill. _c30cm. |
||
| 520 | _aReports on the growing interest in direct investment in overseas property for income. It provides a background to the major markets in which investment has been made by examining the major features that affect the British investor. It also analyses the scale, direction and success of 40 years of British investment in order to predict future trends. The author was the winner of the Jones Lang Wootton Travelling Scholarship 1984/5. | ||
| 650 | 2 | 4 | _aAUSTRALIA |
| 650 | 2 | 4 | _aBELGIUM |
| 650 | 2 | 4 | _aCANADA |
| 650 | 2 | 4 | _aEIRE |
| 650 | 2 | 4 | _aFRANCE |
| 650 | 2 | 4 | _aJONES LANG WOOTTON TRAVELLING SCHOLARSHIP |
| 650 | 2 | 4 | _aNETHERLANDS |
| 650 | 2 | 4 | _aUNITED STATES |
| 650 | 2 | 4 | _aFEDERAL REPUBLIC OF GERMANY |
| 690 | _aPROPERTY-INFRASTRUCTURE-INFRASTRUCTURE FINANCE AND INVESTMENT | ||
| 942 | _n0 | ||
| 948 | _c04/03/1997 | ||
| 999 |
_c90347 _d90347 |
||